000 00544nam a22001931a 4500
001 3907
003 OSt
005 20260204211908.0
008 050508s2000||||dr ||||||b||||||||||spa||
020 _a993480258
050 _aRD 868.99333 C719n
082 _aRD 868.99333 C719n
245 _aCoploquios, 99 / José Chez Checo
264 _aSanto Domingo : Comisión Permanente Feria Nacional del Libro
300 _a443 p
650 _a1.Escrito - Varios Españoles - República Dominicana
700 _aChez Checo, JoséÌ
942 _2ddc
_cBK
999 _c3907
_d3907